| 000 | 00513nam a2200157Ia 4500 | ||
|---|---|---|---|
| 008 | 170221s9999 xx 000 0 und d | ||
| 100 | _aColeman F. Essien | ||
| 245 | _aIndigenous Media and Rural Development: The Case of Oil Producing Communities in Akwa Ibom State, Nigeria | ||
| 245 | _cColeman F. Essien | ||
| 260 | _bOnline Journal of Communication and Media Technologies | ||
| 260 | _c2014 | ||
| 300 | _a34 : 19 | ||
| 650 | _xCommunication | ||
| 650 | _xMedia Arts | ||
| 856 | _uhttp://www.ojcmt.net/ | ||
| 999 |
_c310972 _d310972 |
||